000 00309nam a22001457a 4500
003 SGT
082 _a340.5909
100 _aCOULSON, NOEL J
245 _aA HISTORY OF ISLAMIC LAW
250 _a1ST
260 _aNEW DELHI
_bUNIVERSAL BOOKS
_c2013
300 _a425
650 _aISLAMIC LAW
942 _2ddc
_cBK
999 _c9785
_d9785